• 首页
  • 本馆介绍
  • 公告通知
  • 最新文献
  • 馆藏检索
  • 电子资源
  • 读者导购
  • 参考咨询
  • 我的图书馆
  • 登录
  • 详细信息显示
  • 放入我的书架
  • 预约/预借图书
  • 作者相关作品
  • 分类相关作品
  • 丛书相关作品
  • 出版社相关作品

书目信息

  • 表格格式
  • 工作单格式
  • 卡片格式
题名:
中英日最新化学化工大辞典
    
 
作者: 黄庆文 主编
分册:  
出版信息: 台北   水牛出版社  
页数: 601页
开本: 21cm
丛书名:
单 册:
中图分类: TQ-61
科图分类:
主题词: 化学工业
电子资源:
ISBN:
000 00556nam0 2200205 45
001 0181013477
005 20060104163537.54
010    @dCNY3.30
100    @a20810111d km y0chiy0120 ea
101 0  @achi
102    @aCN@b710000
200 1  @a中英日最新化学化工大辞典@Azhong ying ri zui xin hua xue hua gong da ci dian@f黄庆文主编@Fhuang qing weng
205    @a修订版
210    @a台北@c水牛出版社
215    @a601页@d21cm
606 0  @a化学工业
690    @aTQ-61
701 0  @a黄庆文@4主编
801    @aCN@bTSTC@c20060104
905    @dTQ-61@f1@b159020@e10
    
    中英日最新化学化工大辞典/黄庆文主编.-修订版.-台北:水牛出版社
    601页;21cm
    
    
    ISBN :CNY3.30
    
●
相关链接 在E读中查询图书 在五车中查询图书 在当当中查询图书 在豆瓣中查询图书


正题名:中英日最新化学化工大辞典     索取号:TQ-61/10         预约/预借

序号 登录号 条形码 馆藏地/架位号 状态 备注
1 0159020   001646071   第三借阅区/ [索取号:TQ-61/10] 在馆    
2 0159021   202184787   密集书库/ [索取号:TQ-61/10] 在馆    
3 0159022   202124325   第二样本阅览室/ [索取号:TQ-61/10] 在馆    
4 0159160   001646071   第三借阅区/ [索取号:TQ-61/10] 在馆    
5 0261274   202612743   第二样本阅览室/ [索取号:TQ-61/10] 在馆    
唐山师范学院图书馆 欢迎您!
大连网信软件有限公司© 版权所有